Statistics for Bungou Stray Dogs Trivia

Click here to take the quiz!

General Stats

  • This quiz has been taken 1,326 times
  • The average score is 7 of 10

Answer Stats

HintAnswer% Correct
Who is the Youngest Port Mafia Executive?Osamu Dazai
97%
Who is the "King of the Sheep"?Chuuya Nakahara
94%
Chuuya and Dazai were an unstoppable duo. What were they called?Soukoku
88%
The plans for Atsushi and Akutagawa to be the new Soukoku were called what?Shin Soukoku
76%
What is the name of the bar Dazai, Odasaku, and Ango meet at?Lupin
75%
What is the name of the cat that constantly appears throughout the series?Natsume Soseki
60%
Who's hat was Chuuya's originally?Arthur Rimbaud
53%
There are two characters that are inspired by characters in an author's book rather than a real life person, name one.Naomi Tanizaki and Elise
51%
What is the organization referred to as "The Twilight"?The Armed Detective Agency
43%
When some abilities interact, they show unforseeable consequences. What is the term used for this phenomenon?The Singularity of the Ability
28%

Score Distribution

Percentile by Number Answered

Percent of People with Each Score

Your Score History

You have not taken this quiz